Punjabi Grammar (Record no. 351392)

000 -LEADER
fixed length control field 00446nam a22001817a 4500
003 - CONTROL NUMBER IDENTIFIER
control field OSt
005 - DATE AND TIME OF LATEST TRANSACTION
control field 20180116183045.0
008 - FIXED-LENGTH DATA ELEMENTS--GENERAL INFORMATION
fixed length control field 160506b xxu||||| |||| 00| 0 eng d
020 ## - INTERNATIONAL STANDARD BOOK NUMBER
International Standard Book Number 0
040 ## - CATALOGING SOURCE
Transcribing agency 0
082 ## - DEWEY DECIMAL CLASSIFICATION NUMBER
Classification number 491.425 SHA 2015
100 ## - MAIN ENTRY--PERSONAL NAME
Personal name Dr. Safdar Ali Shah
245 ## - TITLE STATEMENT
Title Punjabi Grammar
Statement of responsibility, etc. Dr. Safdar Ali Shah
260 ## - PUBLICATION, DISTRIBUTION, ETC.
Place of publication, distribution, etc. Islamabad
Name of publisher, distributor, etc. NUST Publication
Date of publication, distribution, etc. 2015
300 ## - PHYSICAL DESCRIPTION
Extent 167 p.
Other physical details HB
440 ## - SERIES STATEMENT/ADDED ENTRY--TITLE
Title Punjabi Grammar
942 ## - ADDED ENTRY ELEMENTS (KOHA)
Source of classification or shelving scheme
Koha item type Book
Holdings
Withdrawn status Lost status Source of classification or shelving scheme Damaged status Not for loan Collection code Permanent Location Current Location Shelving location Date acquired Total Checkouts Full call number Barcode Date last seen Date last checked out Price effective from Koha item type
            Central Library (CL) Central Library (CL) General Stacks 05/06/2016 1 491.425 SHA 2015 NBSD-2439 11/23/2017 08/23/2017 05/06/2016 Book
            Central Library (CL) Central Library (CL) General Stacks 05/06/2016   491.425 SHA 2015 NBSD-2440 05/17/2016   05/06/2016 Book
© 2023 Central Library, National University of Sciences and Technology. All Rights Reserved.